Central Library OPAC University of Rajshahi

History in the making : (Record no. 63950)

MARC details
000 -LEADER
fixed length control field 01101nam a2200277 a 4500
001 - CONTROL NUMBER
control field 63950
003 - CONTROL NUMBER IDENTIFIER
rucl marc code BD-RjUL
005 - DATE AND TIME OF LATEST TRANSACTION
control field 20211209081245.0
008 - FIXED-LENGTH DATA ELEMENTS--GENERAL INFORMATION
fixed length control field 170206s1983 rurfa b 000 0aeng d
035 ## - SYSTEM CONTROL NUMBER
System control number BD-RjUL64080
040 ## - CATALOGING SOURCE
Original cataloging agency BD-RjUL
Language of cataloging eng
Transcribing agency BD-RjUL
041 1# - LANGUAGE CODE
Language code of text/sound track or separate title eng
Language code of original rus
082 ## - DEWEY DECIMAL CLASSIFICATION NUMBER
Classification number 940.532
Edition number 19
Author mark and year BEH 1983
100 1# - MAIN ENTRY--PERSONAL NAME
Personal name Berezhkov, V. M.
Fuller form of name (Valentin Mikhaĭlovich),
Dates associated with a name 1916-1998.
9 (RLIN) 189892
245 10 - TITLE STATEMENT
Title History in the making :
Remainder of title memoirs of World War II diplomacy /
Statement of responsibility, etc. Valentin Berezhkov ; [translated from the Russion by Dudley Hagen and Barry Jones]
260 ## - PUBLICATION, DISTRIBUTION, ETC. (IMPRINT)
Place of publication, distribution, etc. Moscow :
Name of publisher, distributor, etc. Progress Publishers,
Date of publication, distribution, etc. c1983
300 ## - PHYSICAL DESCRIPTION
Pagination 493 p. :
Illustrations ill. ;
Size 21 cm
504 ## - BIBLIOGRAPHY, ETC. NOTE
Bibliography, etc Includes bibliographical references
600 10 - SUBJECT ADDED ENTRY--PERSONAL NAME
Personal name Berezhkov, V. M.
Fuller form of name (Valentin Mikhaĭlovich),
Dates associated with a name 1916-1998.
650 #0 - SUBJECT ADDED ENTRY--TOPICAL TERM
Topical term or geographic name as entry element Diplomats
Geographic subdivision Soviet Union
Form subdivision Biography
9 (RLIN) 189893
Topical term or geographic name as entry element World War, 1939-1945
General subdivision Diplomatic history
9 (RLIN) 173476
Topical term or geographic name as entry element World War, 1939-1945
Form subdivision Personal narratives, Russian
9 (RLIN) 189734
651 #0 - SUBJECT ADDED ENTRY--GEOGRAPHIC NAME
Geographic name Soviet Union
General subdivision Foreign relations
Chronological subdivision 1917-1945
9 (RLIN) 189894
942 ## - ADDED ENTRY ELEMENTS (KOHA)
Source of classification or shelving scheme Dewey Decimal Classification
Koha item type Books
Holdings
Lost status Source of classification or shelving scheme Damaged status Not for loan Collection code Permanent Location Current Location Shelving location Date acquired Source of acquisition Total Checkouts Full call number Date last seen Copy number Koha item type
  Dewey Decimal Classification   Not For Loan Non-fiction Central Library, University of Rajshahi Central Library, University of Rajshahi Reading Room 20/03/1986 USSR   940.532 BEH 1983 06/02/2017 C-1 Books